Extra reality
Kancelárske priestory. Nové bývanie. Analýzy. Byty. Polyfunkčné objekty. Rodinné domy. Administratívne a obchodné priestory. Inzerujúce spoločnosti a projekty. Bratislava. Mestá a regióny Slovenska.
Salvato in:
| Natura: | Capitolo di libro |
|---|---|
| Lingua: | slovacco |
| Soggetti: | |
| Tags: |
Nessun Tag, puoi essere il primo ad aggiungerne!!
|
MARC
| LEADER | 00000naa$a2200000$$$4500 | ||
|---|---|---|---|
| 001 | 0041184 | ||
| 005 | 20231009083122.6 | ||
| 041 | 0 | |a slo | |
| 044 | |a SK | ||
| 245 | 1 | 0 | |a Extra reality |
| 520 | |a Kancelárske priestory. Nové bývanie. Analýzy. Byty. Polyfunkčné objekty. Rodinné domy. Administratívne a obchodné priestory. Inzerujúce spoločnosti a projekty. Bratislava. Mestá a regióny Slovenska. | ||
| 610 | 2 | 0 | |a nehnuteľnosti |
| 610 | 2 | 0 | |a kancelárie |
| 610 | 2 | 0 | |a bývanie |
| 610 | 2 | 0 | |a byty |
| 610 | 2 | 0 | |a centrá obchodné |
| 610 | 2 | 0 | |a budovy |
| 610 | 2 | 0 | |a administratíva |
| 610 | 2 | 0 | |a mestá |
| 610 | 2 | 0 | |a obce |
| 610 | 2 | 0 | |a obchod s nehnuteľnosťami |
| 610 | 2 | 0 | |a Slovensko |